Billboard Year-End Top 100: 1990 - Statistics

General Stats
  • This quiz has been taken 30 times
  • The average score is 21 of 100
Answer Stats
Number Song Artist % Correct
1 Hold On Wilson Phillips
80%
8 Hold On En Vogue
80%
3 Nothing Compares 2 U Sinead O'Connor
76%
5 Vogue Madonna
76%
18 Black Velvet Alannah Miles
64%
45 Ice Ice Baby Vanilla Ice
64%
4 Poison Bel Biv Devoe
64%
78 Love Shack B-52's
60%
7 Another Day in Paradise Phil Collins
56%
35 We Didn't Start the Fire Billy Joel
56%
2 It Must Have Been Love Roxette
52%
15 Escapade Janet Jackson
48%
6 Vision of Love Mariah Carey
48%
92 Forever KISS
44%
26 The Power Snap
44%
10 Blaze of Glory Jon Bon Jovi
40%
13 Pump Up the Jam Technotronic
40%
40 Roam B-52's
40%
55 U Can't Touch This M.C. Hammer
40%
20 Don't Know Much Linda Ronstadt and Aaron Neville
36%
66 Enjoy the Silence Depeche Mode
36%
12 How Am I Supposed to Live Without You Michael Bolton
36%
14 Opposites Attract Paula Abdul
36%
19 Release Me Wilson Phillips
36%
38 Rhythm Nation Janet Jackson
36%
64 Free Fallin' Tom Petty
32%
61 Janie's Got a Gun Aerosmith
32%
70 King of Wishful Thinking Go West
32%
21 All Around the World Lisa Stansfield
28%
59 Black Cat Janet Jackson
28%
17 Close to You Maxi Priest
28%
28 Love Will Lead You Back Taylor Dayne
28%
16 All I Wanna Do is Make Love to You Heart
24%
60 Can't Stop After 7
24%
9 Cradle of Love Billy Idol
24%
29 Don't Wanna Fall in Love Jane Child
24%
33 Step By Step New Kids on the Block
24%
42 Back to Life Soul II Soul
20%
11 Do Me! Bell Biv Devoe
20%
94 Just a Friend Biz Markie
20%
24 She Ain't Worth It Glenn Medeiros ft. Bobby Brown
20%
44 Alright Janet Jackson
16%
46 Blame It On the Rain Milli Vanilli
16%
49 Come Back to Me Janet Jackson
16%
75 Epic Faith No More
16%
36 I Don't Have the Heart James Ingram
16%
82 I Go to Extremes Billy Joel
16%
23 Rub You the Right Way Johnny Gill
16%
32 Unskinny Bop Poison
16%
37 Downtown Train Rod Stewart
12%
65 Giving You the Benefit Pebbles
12%
22 I Wanna Be Rich Calloway
12%
57 Just Between You and Me Lou Gramm
12%
51 Praying For Time George Michael
12%
62 The Humpty Dance Digital Underground
12%
91 What it Takes Aerosmith
12%
85 C'mon and Get My Love D-Mob with Cathy Dennis
8%
81 Everybody Everybody Black Box
8%
41 Everything Jody Watley
8%
73 Get Up! (Before the Night is Over) Technotronic
8%
25 If Wishes Came True Sweet Sensation
8%
72 I Remember You Skid Row
8%
56 I Wish It Would Rain Down Phil Collins
8%
77 Just Like Jesse James Cher
8%
76 Love Takes Time Mariah Carey
8%
98 Thieves in the Temple Prince
8%
95 Whole Wide World A'me Lorain
8%
27 (Can't Live Without Your) Love and Affection Nelson
4%
34 Dangerous Roxette
4%
53 Do You Remember Phil Collins
4%
43 Here and Now Luther Vandross
4%
74 Here We Are Gloria Estefan
4%
52 How Can We Be Lovers Michael Bolton
4%
63 I'll Be Your Shelter Taylor Dayne
4%
93 Jerk Out The Time
4%
67 Love Song Tesla
4%
99 Mentirosa Mellow Man Ace
4%
84 Oh Girl Paul Young
4%
68 Price of Love Bad English
4%
80 Romeo Dino
4%
31 Sending All My Love Linear
4%
58 Something Happened On the Way to Heaven Phil Collins
4%
97 Swing the Mood Jive Bunny and the Master Mixers
4%
87 We Can't Go Wrong The Cover Girls
4%
71 What Kind of Man Would I Be? Chicago
4%
83 Whip Appeal Babyface
4%
48 With Every Beat of My Heart Taylor Dayne
4%
96 Without You Motley Crue
4%
79 All or Nothing Milli Vanilli
0%
69 Girls Nite Out Tyler Collins
0%
47 Have You Seen Her M.C. Hammer
0%
39 I'll Be Your Everything Tommy Page
0%
86 (It's Just) The Way that You Love Me Paul Abdul
0%
89 Make You Sweat Keith Sweat
0%
50 No More Lies Michel'le
0%
54 Ready or Not After 7
0%
90 This One's For the Children New Kids on the Block
0%
100 Tic-Tac-Toe Kyper
0%
30 Two to Make it Right Seduction
0%
88 When I'm Back on My Feet Again Michael Bolton
0%
No matching quizzes found
Score Distribution
Percent of People with Each Score
Percentile by Number Answered
Your Score History
You have not taken this quiz